000 00353nam a2200145Ia 4500
008 230917s9999||||xx |||||||||||||| ||und||
040 _e142568
_aMAIN
041 _aEnglish
082 _a940.27 T362E
100 _aThomson, David
245 0 _aEurope since Napoleon
260 _aHarmondsworth
_bPenguin Books
_c1978
300 _a1003 p.
942 _cBK
999 _c45590
_d45590